000 01704nam a2200253Ia 4500
008 260220t1990||||xx |||||||||||||| ||spa||
020 _a8401491290
040 _aPY-SlUNAC
_bspa
_erda
041 _aspa
082 _a813
_bAn565j
100 _aAndrews, Virginia Cleo
_eAutor
245 0 _aJardín sombrío /
_cpor Virginia Cleo Andrews [Autor]
264 _aBarcelona :
_bPlaza y Jones,
_c℗1990.
300 _a1 volumen
520 _a"Jardín sombrío" de Virginia Andrews es una novela que explora las complejidades de las relaciones familiares y los oscuros secretos que pueden habitar en el seno de una aparentemente perfecta familia. La historia sigue a la joven protagonista, quien se ve atrapada en un entorno lleno de misterio y tensión emocional tras el fallecimiento de su madre. A medida que profundiza en su pasado, descubre verdades ocultas que transforman su vida y desafían sus percepciones sobre el amor, la traición y la lealtad. La narrativa se desarrolla en un ambiente opresivo donde los jardines, símbolo de belleza y crecimiento, contrastan con los secretos sombríos que los rodean. Andrews teje hábilmente temas de desamor, sufrimiento y la búsqueda de identidad, mientras la protagonista lucha por liberarse de las cadenas familiares que la mantienen cautiva. "Jardín sombrío" es una exploración cautivadora de la psique humana y los efectos duraderos de la historia familiar en la vida de un individuo.
653 _aFicción
653 _aLiteratura
653 _aRelaciones familiares
942 _b2026/02/17
_cBK
999 _c8977
_d8977